00729nam a2200217 i 4500003000900000005001700009007000300026008004100029020001500070040003000085082000700115100002800122245008000150264007500230300002800305336002700333337003300360338002800393500005900421504003100480DO-SdBNP20230518102311.0ta230518b1993 pr ||||| |||| 00| 0 spa d a8449913993 aDO-SdBNPbspacBNPHUerda 4222 aMorfi, Angelina,d1919-10aHistoria crítica de un siglo de teatro puertorriqueño /cAngelina Morfi aSan Juan, Puerto Rico :bInstituto de Cultura Puertorriqueña,c1993. a569 páginas ;c24 cm. 2rdacontentatextobtxt 2rdamediaasin mediaciónbn 2rdacarrieravolumenbnc aIncluye dtos biográficos de la autora en las solapas aBibliografía : p.519-547